000 01039nac a22002897a 4500
001 BR7602004
003 BR-BrBNA
005 20240105113934.0
008 230509b bl.|||m| |||| 00| 0 por d
040 _aBR-BrBNA
_bpor
_cBiblioteca Nacional de Agricultura
072 _aP10
090 _aP10 BR7602004
100 1 _aZenger, H.H.
110 1 _aPrograma de Pesquisa e Desenvolvimento Pesqueiro do Brasil, Brasilia, DF
_97975
245 1 _aDistribuicoes sazonais das temperaturas da coluna d'agua verificadas entre as latitudes de 23 graus 50's e 28 graus 30's na costa sudeste e sul do Brasil
260 3 _aBrasilia, df (Brasil):
_c1976.
300 _a11 p.
490 _aDocumentos Tecnicos - Programa de Pesquisa e Desenvolvimento Pesqueiro do Brasil (Brazil)
_vno. 15
_x
500 _a19 illus.; 20 tables; Summaries (En, Pt)
650 _aRecurso hidrico
650 _aAgua
650 _aTemperatura
650 _aSudeste
650 _aSul
909 _a202312
_bLúcia Elande
_c55
_dLúcia Elande
942 _2AGRIS
_n0
_cMS
999 _c266459
_d266459